Esküvők változása a 2000-res évektől

Bibliográfiai részletek
Szerző: Furdek Mia Dóra
További közreműködők: Farkas Dr. Julianna
Dokumentumtípus: Diplomadolgozat
Kulcsszavak:21. század
esküvő
hagyományok
házasságkötések
rendezvényszervezés
Online Access:http://dolgozattar.uni-bge.hu/59787

MARC

LEADER 00000nta a2200000 i 4500
001 dolg59787
005 20260409145550.0
008 260409suuuu hu om 000 hun d
040 |a BGE Dolgozattár Repozitórium  |b hun 
041 |a hu 
100 1 |a Furdek Mia Dóra 
245 1 0 |a Esküvők változása a 2000-res évektől  |c Furdek Mia Dóra  |h [elektronikus dokumentum] 
520 3 |a Szakmai gyakorlatomat az Esküvő Palotában végeztem Budapesten, üzleti mivolta mellett, mini esküvőkiállítások és kis menyegző megrendezésével is foglalkozik. Beleszerettem ebbe a világba, annak hangulatába, amit ezeken rendezvényeken tapasztaltam.Szakdolgozatomban az esküvői szokások, trendek változását szeretném megvizsgálni a szolgáltatók szemén keresztül 2000-től napjainkig. Azt fogom analizálni, különböző szolgáltatókkal készített interjú sorozat keretein keresztül, hogy a főbb gazdasági események, a szépen lassan teret nyerő közösségi platformok, hogyan hatottak az esküvőkre. 
695 |a 21. század 
695 |a esküvő 
695 |a hagyományok 
695 |a házasságkötések 
695 |a rendezvényszervezés 
700 1 |a Farkas Dr. Julianna  |e ths 
856 4 0 |u http://dolgozattar.uni-bge.hu/59787/1/Szakdolgozat-%20Esk%C3%BCv%C5%91k%20v%C3%A1ltoz%C3%A1sa%20a%202000-res%20%C3%A9vekt%C5%91l.pdf  |z Dokumentum-elérés 
856 4 0 |u http://dolgozattar.uni-bge.hu/59787/2/Furdek%20Mia%20b%C3%ADr%C3%A1lat%20Farkas.pdf  |z Dokumentum-elérés 
856 4 0 |u http://dolgozattar.uni-bge.hu/59787/3/Furdek_Mia_D%C3%B3ra_b%C3%ADr%C3%A1lati_lap.pdf  |z Dokumentum-elérés